Catálogo
 En Linea

Todas las mujeres / (Registro nro. 8059)

Detalles MARC
000 -CABECERA
campo de control de longitud fija 00748cam a2200253 a 4500
001 - NÚMERO DE CONTROL
campo de control 000008288
005 - FECHA Y HORA DE LA ÚLTIMA TRANSACCIÓN
campo de control 20200929161325.0
008 - DATOS DE LONGITUD FIJA--INFORMACIÓN GENERAL
campo de control de longitud fija 930909s1989 sp 000 1 spa d
010 ## - NÚMERO DE CONTROL DE LA BIBLIOTECA DEL CONGRESO
Número de control de LC 90134846
020 ## - NÚMERO INTERNACIONAL ESTÁNDAR DEL LIBRO
Número Internacional Estándar del Libro 8420480665
035 ## - NÚMERO DE CONTROL DEL SISTEMA
Número de control de sistema (OCoLC)21336636
040 ## - FUENTE DE LA CATALOGACIÓN
Centro catalogador/agencia de origen DO-SdBNP
Centro/agencia transcriptor TxU
Centro/agencia modificador DLC
042 ## - CÓDIGO DE AUTENTICACIÓN
Código de autenticación lccopycat
082 ## - NÚMERO DE LA CLASIFICACIÓN DECIMAL DEWEY
Número de clasificación 863.64
Número de documento/Ítem C749t
100 1# - ENTRADA PRINCIPAL--NOMBRE DE PERSONA
Nombre de persona Conget, Jose Maria.
9 (RLIN) 22433
245 10 - MENCIÓN DE TÍTULO
Título Todas las mujeres /
Mención de responsabilidad, etc. Jose Maria Conget.
260 ## - PUBLICACIÓN, DISTRIBUCIÓN, ETC.
Lugar de publicación, distribución, etc. Madrid :
Nombre del editor, distribuidor, etc. Alfaguara Hispanica,
Fecha de publicación, distribución, etc. c1989.
300 ## - DESCRIPCIÓN FÍSICA
Extensión 192 p. ;
Dimensiones 22 cm.
490 1# - MENCIÓN DE SERIE
Mención de serie Alfaguara hispanica ;
Designación de volumen o secuencia nueva ser., 64
650 #4 - PUNTO DE ACCESO ADICIONAL DE MATERIA--TÉRMINO DE MATERIA
Término de materia o nombre geográfico como elemento de entrada Novela española
9 (RLIN) 1123
650 #4 - PUNTO DE ACCESO ADICIONAL DE MATERIA--TÉRMINO DE MATERIA
Término de materia o nombre geográfico como elemento de entrada Literatura española
9 (RLIN) 632
830 #0 - PUNTO DE ACCESO ADICIONAL DE SERIE-TÍTULO UNIFORME
Título uniforme Alfaguara hispanica ;
Designación de volumen o secuencia 64.
9 (RLIN) 4764
910 ## - DATOS DE OPCIÓN DEL USUARIO (OCLC)
Datos de opción del usuario Catalogación por copia / LC
Existencias
Estado de retiro Estado de pérdida Restricciones de uso No para préstamo Código de colección Localización permanente Ubicación/localización actual Ubicación en estantería Fecha de adquisición Número de inventario Total de préstamos Signatura topográfica completa Código de barras Fecha visto por última vez Precio válido a partir de Tipo de ítem Koha
    Préstamo interno   Monografías: Libros y Folletos General General En catalogación 15.09.2009 LF1   863.64 C749t 8288-10 25.06.2020 25.06.2020 Préstamo interno

Con tecnología Koha